|
|
|
|
| LEADER |
00000nab a2200000 a 4500 |
| 001 |
vtls000049306 |
| 003 |
SK-MaSNL |
| 005 |
20260304071645.0 |
| 008 |
250422c1979 xo 0 slo |
| 015 |
|
|
|a SNBRB19rr/mm-uuuuu
|
| 035 |
|
|
|a CL0059402
|
| 035 |
|
|
|a urn:nbn:sk:snk-abb8f6
|
| 035 |
|
|
|a (urnnbn)urn:nbn:sk:snk:ar-a09sqx
|
| 035 |
|
|
|a (uuid)b14fc42c-efae-4927-b8e6-d109123b183f
|
| 040 |
|
|
|a SNKBUCL
|b slo
|c SNKBUCL
|e AACR2
|
| 041 |
0 |
|
|a slo
|
| 044 |
|
|
|a xo
|c SK
|
| 080 |
|
|
|a 624
|2 1981
|
| 080 |
|
|
|a 530.1
|2 1981
|
| 100 |
1 |
|
|a Lovíšek, Ján,
|d 1935-2021
|4 aut
|9 6900
|
| 245 |
1 |
0 |
|a Jednostranná úloha v teórii ohybu tenkej dosky
|b Evolučný prípad
|c J. Lovíšek
|
| 300 |
|
|
|b Obr. 1.
|
| 650 |
0 |
7 |
|a dosky tenké
|2 snkbucl
|9 1181461
|
| 650 |
0 |
7 |
|a Ohyb
|2 snkbucl
|9 1180896
|
| 655 |
|
7 |
|a články z novín a časopisov
|2 snkbucl
|9 267496
|
| 773 |
0 |
|
|t Strojnícky časopis
|g Roč. 30, č. 4 (1979), s. 416-436
|
| 850 |
|
|
|a Slovenská národná knižnica
|
| 852 |
|
|
|a Slovenská národná knižnica
|
| 954 |
|
|
|a odborná, vedecká literatúra pôvodná (slovenská)
|2 lita
|
| 958 |
|
|
|a article15
|
| 958 |
|
|
|a OND
|
| 958 |
|
|
|a RK
|
| 958 |
|
|
|a EUIPO
|
| 992 |
|
|
|a RBX
|
| 999 |
|
|
|c 2761433
|d 2763363
|